| 000 | 00879nmm a2200277 a 4500 | ||
|---|---|---|---|
| 001 | ocm000955332 | ||
| 003 | TR-IsHL | ||
| 005 | 20201028150422.0 | ||
| 008 | 150110s2014 tu eng | ||
| 007 | cr cn | ||
| 020 | _a9781503014640 | ||
| 035 |
_a955332 _b(N$T) |
||
| 050 | 0 | 4 |
_aHX811 _b.B3 2014 |
| 090 | 0 | 4 |
_aHX811 _b.B3 2014 |
| 100 | 1 | _aBacon, Francis | |
| 245 | 1 | 0 |
_aThe New Atlantis _h[electronic resource] / _cFrancis Bacon ; illustrated by Murat Ukray |
| 260 |
_aİstanbul : _bE-Kitap Projesi, _c2014 |
||
| 300 | _a76 p. | ||
| 650 | 4 | _aSosyoloji | |
| 650 | 4 | _aSociology | |
| 650 | 0 |
_aÜtopyalar _x1800'den önceki çalışmalar |
|
| 650 | 0 |
_aUtopias _xEarly works to 1800 |
|
| 650 | 7 |
_aPOLITICAL SCIENCE / Essays _2bisacsh |
|
| 700 | 1 | _aUkray, Murat | |
| 856 | 4 | 0 | _uhttp://search.ebscohost.com/login.aspx?direct=true&scope=site&db=e011xww&AN=955332 |
| 999 |
_c10463 _d10463 |
||